Política exterior española: Morán prevé salir de la OTAN si Washington interviene militarmente en Centroamérica
Furkejuvvon:
| Materiálatiipa: | Girji |
|---|---|
| Giella: | Spanish |
| Fáddágilkorat: |
Lasit fáddágilkoriid
Eai fáddágilkorat, Lasit vuosttaš fáddágilkora!
|
MARC
| LEADER | 00000nam a22000007a 4500 | ||
|---|---|---|---|
| 003 | cru CIDCACS/IIS | ||
| 005 | 20230207105132.0 | ||
| 007 | ta | ||
| 008 | 230207s1985 sp |||p|r|||| 00| 0 spa d | ||
| 040 | |c cru CIDCACS/IIS | ||
| 245 | |a Política exterior española: |b Morán prevé salir de la OTAN si Washington interviene militarmente en Centroamérica | ||
| 300 | |a páginas 146-148 | ||
| 500 | |a Colección Centroamérica | ||
| 773 | 0 | |0 43305 |9 5266 |a Centre d'Informació i Documentació Internacionals a Barcelona |d Barcelona, España: Centre d'Informació i Documentació Internacionals a Barcelona, 1982- |o 21175 |t Revista CIDOB D' Afers Internationals / |x 02121786 | |
| 942 | |2 ddc |c PP | ||
| 999 | |c 44719 |d 44719 | ||
